| 000 | 00435nam a2200145 a 4500 | ||
|---|---|---|---|
| 001 | 000036440 | ||
| 005 | 20200930075731.0 | ||
| 008 | 120117s1980 mx 000 0 spa d | ||
| 020 | _a9686085742 | ||
| 040 |
_aDO-SdBNP _bspa _cBNPHU |
||
| 245 | 0 | 3 |
_aLa golosina visual : _bimagenes sobre el consumo. |
| 260 |
_aMéxico : _bEdiciones G. Gill, _c[19--?]. |
||
| 300 |
_a161 p. ; _c21 cm. |
||
| 534 |
_aTítulo original _pLe chewing-gum des ywax |
||
| 999 |
_c35931 _d35931 |
||